01423nab a22002777a 4500999001500000003000400015005001700019008004100036040000700077100003800084245011900122260007300241300001500314500007500329505030300404505008900707650003500796650002600831650002800857650002300885650002800908650002800936650002600964773014200990942001301132 c6358d6358OSt20260131195700.0190603e xxum|||| |||| 00| 0 spa d cPJ 96875aQuirós, César Ezequiel 10aReflexiones sobre el Código Civil y Comercial de la Nación a 10 años de su vigencia /cCésar E. Quirós.  cCiudad Autónoma de Buenos Aires :aThomson Reuters La Ley, b2025. ap. 119-132 aCita: TR LALEY AR/DOC/2866/2025 Publicado en: RCCyC 2025 (Diciembre). aSumario: I. Introducción.— II. Antecedentes.— III. Título preliminar.— IV. Parte general.— V. Derecho de familia.— VI. Derecho de las obligaciones.— VII. Responsabilidad civil.— VIII. Derecho de los contratos.— IX. Derechos reales.— X. Derecho sucesorio.— XI. Conclusiones.  t¿Te interesa el texto completo? Solicitalo al correo: koha@justierradelfuego.gov.ar 091497aCODIGO CIVIL Y COMERCIAL 092710aDERECHO PRIVADO 09967aDERECHO DE FAMILIA 09352aDERECHO CIVIL 0aDERECHO COMERCIAL91602 0aDERECHO DE FAMILIA9967 0aDERECHOS REALES918210 0271393170dCiudad Autónoma de Buenos Aires : Thomson Reuters La Ley, 2015-tRevista Código Civil y Comercial. Nº 6 - Diciembre 2025 2udccANA